Loading...

As you like it /

Bibliographic Details
Main Author: Shakespeare, William
Other Authors: Wright, Louis B.
Format: Printed Book
Language:English
Published: New York: Washington square press, c1959.
Subjects:
LEADER 00687 a2200169 4500
008 150103s9999 000 0 eng
082 |a 822.33  
100 |a Shakespeare, William. 
245 |a As you like it / 
260 |a New York:  |b Washington square press,  |c c1959. 
300 |a 105 p. 
650 |a English drama 
700 |a Wright, Louis B. 
942 |c BK 
999 |c 301577  |d 301577 
952 |0 0  |1 0  |2 ddc  |4 0  |6 822_330000000000000_SHA_AS  |7 0  |9 344898  |a DRA  |b DRA  |c ST1  |d 2010-09-06  |e Gift  |i 209G  |l 0  |o 822.33 SHA/AS  |p DRA209G  |r 2019-01-03  |w 2019-01-03  |y BK 
952 |0 0  |1 0  |2 ddc  |4 0  |6 822_330000000000000_SHA_A  |7 0  |9 419571  |a DRA  |b DRA  |c ST1  |d 2021-09-09  |i 515G  |l 0  |o 822.33 SHA/A  |p DRA515G  |r 2021-09-09  |w 2021-09-09  |y REF